000 01001cam a22003614i 4500
003 PE-LiUPU
005 20250731184055.0
008 150617s r 000 0 d
035 _a(Sirsi) a18316
040 _aPE-LiUPU
_bspa
_cPE-LiUPU
_erda
049 _aPRUA
082 0 4 _a863.09
_bC531d
_223
100 1 _aCheyney, Peter,
_eautor.
245 1 4 _aLas damas no esperan... /
_cPeter Cheyney.
250 _asegunda edición
264 1 _aBuenos Aires :
_bCompañía General Fabril Editora,
_c1962.
300 _a196 páginas ;
_c17 centímetros.
336 _atext
_2rdacontent
337 _aunmediated
_2rdamedia
338 _avolume
_2rdacarrier
490 0 _a(Los libros del mirasol)
505 0 _aNovela sobre Europa.
526 _aP145
526 _aP127
526 _aP97
526 _aP14
526 _aP07
650 0 _aNovela europea
_92087
910 _ajck
942 _2ddc
_cBK
_n0
980 _81
_gALBERTO SANCHEZ Responsable de Automatización
999 _c17994
_d17994